| 000 | 00493nam a2200181 a 4500 | ||
|---|---|---|---|
| 005 | 20240622063904.0 | ||
| 008 | 100208s2004 mx r 000 0 spa d | ||
| 020 | _a9685662614 | ||
| 035 | _aUPN01000174505 | ||
| 049 | _aCG | ||
| 050 | 4 |
_aLC37 _bV3.6 |
|
| 100 | 1 | _aValenzuela Indart, Francisco | |
| 245 | 1 | 0 |
_aPadres que previenen / _cFrancisco Valenzuela Indart. |
| 260 |
_aMéxico : _bNueva palabra, _c2004. |
||
| 300 | _a155 p. | ||
| 650 | 4 |
_aEducación familiar _97274 |
|
| 905 | _aLibro | ||
| 999 |
_c146609 _d146609 |
||